000 00493nam a2200169Ia 4500
008 090201s9999 xx 000 0 und d
010 _aKPL-29279
040 _bमराठी
041 _aमराठी
082 _a31916
_b29279
100 _aछबुताई कवीश्वर
245 _aशीळ
_cछबुताई कवीश्वर
260 _c2004
_bसुरस प्रकाशन
300 _a84
_bमोठा
600 _aशीळ
942 _cBOOK
999 _c230315
_d230315